000 01749cam a22004094i 4500
003 PE-LiUPU
005 20250731183351.0
008 150617s1964 sp a r 000 0 spa d
035 _a(Sirsi) a16252
040 _aPE-LiUPU
_bspa
_cPE-LiUPU
_erda
049 _aPRUA
082 0 4 _a780.904
_bH41
_221
100 1 _aHerzfeld, Friedrich,
_eautor.
245 1 3 _aLa música del siglo XX.
264 1 _aBarcelona :
_bLabor,
_c1964.
300 _a419 páginas:
_bretratos,pentagramas ;
_c22 centímetros
336 _atext
_2rdacontent
337 _aunmediated
_2rdamedia
338 _avolume
_2rdacarrier
505 0 _aLo que me fue concedido, me fue luego arrebatado -- Angustia -- Danse russe -- Retorno a las fuentes -- Retorno a la naturaleza -- Las generaciones.
526 _aP158
526 _aP146
526 _aP17
526 _aP12
526 _aP06
650 0 4 _aMUSICA
_xHISTORIA
_ySIGLO XX, 1990-.
910 _ajck
_bjvq
_cjck
_d20150616
942 _2ddc
_cBOOK
949 _a780.904 H41
_wDEWEY
_c1
_i09872
_lCCODEBUL1
_mBUL
_p
_r0
_sY
_tBOOK
_u2015-04-21
_xBIBLIOTECA
_zUNKNOWN
_0COMPRA
_o.STAFF. Colección General
949 _a780.904 H41
_wDEWEY
_c2
_i09171
_lCCODEBUL1
_mBUL
_p
_r0
_sY
_tBOOK
_u2015-04-21
_xBIBLIOTECA
_zUNKNOWN
_0COMPRA
_o.STAFF. Colección General
994 _aC0
_bPEPRU
596 _a1
999 _a780.904 H41
_wDEWEY
_c11485
_i09872
_f2021-11-5
_g6
_lCCODEBUL1
_mBUL
_p32.00
_r0
_sY
_tBOOK
_u2015-4-21
_xBIBLIOTECA
_zUNKNOWN
_0COMPRA
_o.STAFF. Colección General
_d11485
999 _a780.904 H41
_wDEWEY
_c2
_i09171
_d2018-12-12
_e2017-2-13
_f2021-11-5
_g6
_lCCODEBUL1
_mBUL
_n1
_q1
_r0
_sY
_tBOOK
_u2015-4-21
_xBIBLIOTECA
_zUNKNOWN
_0COMPRA
_o.STAFF. Colección General
980 _81
_gALBERTO SANCHEZ Responsable de Automatización